000 00268nam a22001217a 4500
008 181029b xxu||||| |||| 00| 0 eng d
041 _aeng
080 _a371
100 _a46
101 _aEDU
245 _aTrustees in Higher Education
_cBurns,G.P
942 _2udc
_cBK
999 _c51022
_d51022